Les hommes les plus sexy de France - Quiz images - Statistiques

Statistiques générales
  • Ce quiz a été pris 440 fois
  • Le résultat moyen est 5 sur 9
Statistiques - réponses
Par images Réponse % Correct
Omar Sy
96%
Antoine Griezmann
95%
Julien Doré
87%
Vincent Cassel
69%
Kevin Mayer
38%
Gaspard Ulliel
27%
Pio Marmaï
23%
Louis Garrel
15%
François Gabart
8%
Aucun quiz correspondant
Distribution des résultats
% des personnes avec chaque résultat
Percentile par nombre de réponses
Votre historique - résultats
Vous n’avez pas pris ce quiz